000 00214 a2200109 4500
001 68481
040 _cAnchieta - Itaigara
240 1 0 _aArtrópodes
_l
245 1 0 _aArtrópodes
650 4 _aArtrópodes
942 _cMU
999 _c68481
_d68481